Detalles MARC
| 000 -LEADER |
| longitud fija campo de control |
01504nam a22004097a 4500 |
| 003 - IDENTIFICADOR DE NUMERO DE CONTROL |
| control del campo |
AR-RoUNA |
| 005 - FECHA DE LA ULTIMA MODIFICACION |
| control del campo |
20260526124730.0 |
| 008 - CAMPO DE CONTROL - LIBROS |
| longitud fija campo de control |
260506b |||||||| |||| 00| 0 spa d |
| 020 ## - INTERNATIONAL STANDARD BOOK NUMBER |
| ISBN |
978-987-3779-74-9 |
| 040 ## - ORIGEN DE LA CATALOGACION |
| Agencia que cataloga la obra original |
AR-RoUNA |
| Idioma en que se cataloga |
spa |
| Entidad que modifico el registro |
AR-RoUNA |
| 041 ## - CODIGO DE IDIOMA |
| Codigo de idioma del texto / sonido o titulo separado |
spa |
| 044 ## - CODIGO DE PAIS / ENTIDAD PRODUCTORA |
| Codigo MARC del pais |
ag |
| 100 1# - ASIENTO PRINCIPAL - NOMBRE PERSONAL |
| Nombre personal |
Carpman, Jorge |
| 9 (RLIN) |
25003 |
| 245 10 - TITULO PROPIAMENTE DICHO |
| Titulo |
Fundar 40 años |
| Subtitulo |
: un desafío urbano / |
| Mencion de responsabilidad, etc |
Jorge Carpman; Angel Seggiaro; Daniel Verger; coordinación general de León Carpman; Fabián Ruiz |
| 250 ## - MENCION DE EDICION |
| Edicion declarada |
1a. ed. |
| 260 ## - EDITORIAL - PUBLICACION, DISTRIBUCION, ETC. (Pie de imprenta) |
| Lugar de publicacion, distribucion, etc |
Ciudad Autónoma de Buenos Aires (Argentina: |
| Nombre del editor, distribuidor, etc |
Bisman Ediciones, |
| Fecha de publicacion |
2026 |
| 300 ## - DESCRIPCION FISICA |
| Extension |
560 p. : |
| Otros detalles fisicos |
fot. col., |
| -- |
plantas, |
| Dimensiones |
23x23 cm. |
| 505 0# - NOTA DE CONTENIDO CON FORMATO |
| Título |
INDICE |
| 505 0# - NOTA DE CONTENIDO CON FORMATO |
| Título |
LA VISION DE LOS SOCIOS FUNDADORES |
| 505 0# - NOTA DE CONTENIDO CON FORMATO |
| Título |
PROLOGOS |
| 505 0# - NOTA DE CONTENIDO CON FORMATO |
| Título principal |
Jorge Carpman / El desafío de una pasión compartida. p. 12 |
| 505 0# - NOTA DE CONTENIDO CON FORMATO |
| Título principal |
Angel Seggiaro / Hace ciudad, mirar hacia adelante. p. 14 |
| 505 0# - NOTA DE CONTENIDO CON FORMATO |
| Título principal |
Daniel Verger / La seducción del oficio. p. 16 |
| 505 0# - NOTA DE CONTENIDO CON FORMATO |
| Título |
40 AÑOS: UNA HISTORIA CON FUTURO |
| 505 0# - NOTA DE CONTENIDO CON FORMATO |
| Título principal |
Aníbal Fucaraccio / El futuro, en perspectiva. p. 20 |
| 505 0# - NOTA DE CONTENIDO CON FORMATO |
| Título |
40 AÑOS: UNA TRAYECTO RECORRIDO |
| 505 0# - NOTA DE CONTENIDO CON FORMATO |
| Título principal |
Hernán Bisman / 40 años, el trayecto recorrido. p. 36 |
| 700 1# - ENTRADA SECUNDARIA - NOMBRES PERSONALES |
| Nombre personal |
Seggiaro, Angel |
| 9 (RLIN) |
25004 |
| 700 1# - ENTRADA SECUNDARIA - NOMBRES PERSONALES |
| Nombre personal |
Verger, Daniel |
| 9 (RLIN) |
25005 |
| 700 1# - ENTRADA SECUNDARIA - NOMBRES PERSONALES |
| Nombre personal |
Carpman, León |
| 9 (RLIN) |
27715 |
| Función |
Coordinador |
| 700 1# - ENTRADA SECUNDARIA - NOMBRES PERSONALES |
| Nombre personal |
Ruiz, Fabián |
| 9 (RLIN) |
27716 |
| Función |
Coordinador |
| 908 ## - SOPORTE |
| Soporte |
Imp |
| 930 ## - ACCESION |
| Numero de accesion (NR) |
12326 |
| 942 ## - FUENTE DE CLASIFICACION |
| Clasificacion |
Universal Decimal Classification |
| Tipo de item |
Libro |
| 945 ## - INFORMACION DE PROCESAMIENTO |
| Fecha de ingreso o modificacion |
2026-05-06 |
| 980 ## - DECLARACIÓN DE EQUIVALENCIA O SERIE DE REFERENCIA CRUZADA - NOMBRE / TÍTULO PERSONAL [LOCAL, CANADÁ] |
| Código del operador |
5 |
| Nombre del operador |
María Machado |
| Código del operador que modifico el registro |
5 |
| Nombre del operador que modifico el registro |
María Machado |